| 000 | 00631nam a2200229 a 4500 | ||
|---|---|---|---|
| 005 | 20210219153359.0 | ||
| 008 | 991125n 000 0 u | ||
| 035 | _aUPN01000095386 | ||
| 100 | 1 | _aCooper, Paul | |
| 100 | 1 | _aUpton, Graham | |
| 222 | 0 | _aBRITISH JOURNAL OF SPECIAL EDUCATION | |
| 245 | 0 | 0 | _aPutting pupils' needs first |
| 260 | _aReino Unido | ||
| 300 | _a111-113 | ||
| 362 | 0 | _a1991 Vol. 18, no. 3, sept. | |
| 653 | 0 | _aPLITICA DISCIPLINARIA | |
| 653 | 0 | _aTECNICAS DE ENSE\197ANZA | |
| 653 | 0 | _aTRASTORNOS DE LA CONDUCTA | |
| 653 | 0 | _aTRASTORNOS EMOCIONALES | |
| 904 |
_aAC _b033197 |
||
| 905 | _aArticulo | ||
| 999 |
_c75475 _d75475 |
||